00979nam a2200253Ia 4500003000400000005001700004008004100021020001800062040001800080041000800098082002000106100003300126245009200159250001200251260004400263300003000307650003600337650005100373650004600424700003800470942002900508999001900537952016900556OSt20260321115139.0210716s2012 xx 000 0 und d a9780486498775 cAIMIT LIBRARY aeng a511.3 21bNARK aNarendra, Kumpati S.9258941 aLearning automata :bintroduction /cBy Kumpati S Narendra and Mandayam A L Thathachar. a1st ed. aNew York :bDover publications ,c2012. axiii,476p. ;bPBc23.2 cm aThe learning automation9258942 aVariable structure stochastic automata9258943 aApplications of learning automata9258944 aThathachar, Mandayam A L.9258945 2ddccBKe1stk511.3 NARK c194607d194607 00102ddc40708MCAaAIMITbAIMITeKnowledge Worldg1634.00iBill no:445; Bill dt:2015-03-20l0o511.3 NARKpMCA14115r2026-05-23 00:00:00v1225.50w2021-07-16yBK